| 000 | 00718nam a2200241Ia 4500 | ||
|---|---|---|---|
| 003 | GCL | ||
| 005 | 20240530103733.0 | ||
| 008 | 140319s9999 xx 000 0 ara d | ||
| 040 |
_aGCL / _cGCL |
||
| 082 | 0 | 4 |
_a327.2 _bت س |
| 100 | 1 | _aتيسيدر، ر . ف | |
| 245 | 1 | 0 |
_aساستنا : تجاه النزاع الاسرائيلى - العربى / _cتيسيدر، ر . ف |
| 300 | _a242 | ||
| 490 |
_aكتاب _v0 |
||
| 650 | 0 | 4 | _aالنزاع العربى الاسرائيلى |
| 650 | 0 | 4 | _aفلسطين |
| 650 | 0 | 4 | _aالسياسة |
| 650 | 0 | 4 | _aاسرائيل |
| 650 | 0 | 4 | _aالعلاقات الدولية |
| 700 | 1 | _aوايزمان , ب | |
| 700 | 1 | _aمحمود حسن حلمى | |
| 942 |
_2ddc _cBK |
||
| 999 |
_c42078 _d42078 |
||